Southville International School and Colleges
Your cart is empty.
  • Cart
  • Lists
    Public lists Eva Luna New books Lux_list list_1
    Your lists Log in to create your own lists
  • Log in to your account
  • Your cookies
  • Search history
Southville International School and Colleges
  • Advanced search
  • Recent comments
  • Most popular
  • Libraries

Log in to your account

Log in with GOOGLE


If you do not have an external account, but do have a local account, you can still log in:

  1. Home
  2. MARC view: Philippine tourism laws :
Normal view MARC view ISBD view

Philippine tourism laws : (Record no. 291434)

[ view plain ]
MARC details
000 -LEADER
fixed length control field 00782nam a2200265Ia 4500
008 - FIXED-LENGTH DATA ELEMENTS--GENERAL INFORMATION
fixed length control field 160303s9999 xx 000 0 und d
020 ## - INTERNATIONAL STANDARD BOOK NUMBER
International Standard Book Number 978-971-23-5117-4
050 ## - LIBRARY OF CONGRESS CALL NUMBER
Classification number FIL KPM 1030.3
050 ## - LIBRARY OF CONGRESS CALL NUMBER
Item number .C33 2008
100 ## - MAIN ENTRY--PERSONAL NAME
Personal name Cabulay, Danny Araneta.
245 ## - TITLE STATEMENT
Title Philippine tourism laws :
245 ## - TITLE STATEMENT
Remainder of title a comprehensive guide to studying laws relevant to the Philippin tourism industry /
245 ## - TITLE STATEMENT
Statement of responsibility, etc Danny Araneta Cabulay.
260 ## - PUBLICATION, DISTRIBUTION, ETC. (IMPRINT)
Place of publication, distribution, etc Manila:
260 ## - PUBLICATION, DISTRIBUTION, ETC. (IMPRINT)
Name of publisher, distributor, etc Rex Book Store, Inc.,
260 ## - PUBLICATION, DISTRIBUTION, ETC. (IMPRINT)
Date of publication, distribution, etc 2008
300 ## - PHYSICAL DESCRIPTION
Extent 370 pages :
300 ## - PHYSICAL DESCRIPTION
Other physical details illustrations ;
300 ## - PHYSICAL DESCRIPTION
Dimensions 26 cm.
500 ## - GENERAL NOTE
General note Includes bibliographical references and index.
650 ## - SUBJECT ADDED ENTRY--TOPICAL TERM
Topical term or geographic name as entry element Law --
650 ## - SUBJECT ADDED ENTRY--TOPICAL TERM
Topical term or geographic name as entry element Tourism --
650 ## - SUBJECT ADDED ENTRY--TOPICAL TERM
General subdivision Law and legislation -- Philippines.
650 ## - SUBJECT ADDED ENTRY--TOPICAL TERM
General subdivision Philippines
Holdings
Withdrawn status Lost status Damaged status Home library Current library Shelving location Date acquired Cost, normal purchase price Total Checkouts Full call number Barcode Date last seen Price effective from Koha item type
      South Mansfield College South Mansfield College Filipiniana Section 02/14/2011 473.00   FIL KPM 1030.3 .C33 2008 SMC05396 03/03/2016 03/03/2016  

Philippine tourism laws :

APA

Cabulay D. A., .Philippine tourism laws. Manila: .

Chicago

Cabulay Danny Araneta, .Philippine tourism laws. Manila: .

Harvard

Cabulay D. A., .Philippine tourism laws. Manila: .

MLA

Cabulay Danny Araneta, .Manila: . .

  • Place hold
  • Print
  • Cite
  • Add to your cart (remove)
  • Save record
    BIBTEX Dublin Core MARCXML MARC (non-Unicode/MARC-8) MARC (Unicode/UTF-8) MARC (Unicode/UTF-8, Standard) MODS (XML) RIS
  • More searches
    Search for this title in:
    Other Libraries (WorldCat) Other Databases (Google Scholar) Online Stores (Bookfinder.com) Open Library (openlibrary.org)

Exporting to Dublin Core...

SOUTHVILLE LIBRARY

Southville International School and Colleges Library

1281 Tropical Ave. Cor. Luxembourg St., BF Homes International, Las Pinas City

Tel. No. 8256374 / 252358 Loc. 117/146

Powered by Koha